000 00802nmc a2200301 a 4500
003 AR-BaBNM
005 20251128205410.0
008 027119s1991 ||||||||||||||000 | spa||
020 _a84-245-0577-8
040 _cAR-BaBNM
100 1 _aGarrido Medina, Joaquín
245 1 0 _aElementos de análisis lingüístico
260 _aMadrid
_bFundamentos
_c1991
300 0 _a428 p.
490 0 _aCiencia. Lingüística
500 0 _aContiene índice de autores en p. 419
500 0 _aIndice de términos en p. 425
650 4 _aLINGUISTICA
650 4 _aGRAMATICA
650 4 _aCRITICA LITERARIA
650 4 _aANALISIS LINGUISTICO
650 4 _aSINTAXIS
650 4 _aSEMANTICA
650 4 _aTEORIA LINGUISTICA
650 4 _aTRADUCCION AUTOMATICA
942 _cBK
998 _cMARTIN
999 _c11267
_d11267